• 首页
  • 本馆介绍
  • 公告通知
  • 最新文献
  • 馆藏检索
  • 电子资源
  • 读者导购
  • 参考咨询
  • 我的图书馆
  • 登录
  • 详细信息显示
  • 放入我的书架
  • 预约/预借图书
  • 作者相关作品
  • 分类相关作品
  • 丛书相关作品
  • 出版社相关作品

书目信息

  • 表格格式
  • 工作单格式
  • 卡片格式
题名:
灵魂与心
    
 
作者: 钱穆 著
分册:  
出版信息: 桂林   广西师范大学出版社  2004
页数: 131页
开本: 22cm
丛书名: 钱穆作品系列
单 册:
中图分类: B261.5 , B26
科图分类:
主题词: 哲学--研究--中国--现代 , 哲学 , 哲学--中国--现代
电子资源:
ISBN: 7-5633-5018-7
000 00936oam2 2200301 450
001 1162836000
005 20110928172947.37
010    @a7-5633-5018-7@dCNY18.00
100    @a20050427d2004 em y0chiy50 ea
101 0  @achi
102    @aCN@b450000
105    @ay z 000yy
106    @ar
200 1  @a灵魂与心@f钱穆著@Aling hun yu xin
210    @a桂林@c广西师范大学出版社@d2004
215    @a131页@d22cm
225 2  @a钱穆作品系列
305    @a联经出版事业公司授权出版
330    @a本书系作者关于宇宙人生的重要论著,既涵咏中国古先圣哲遗言旧训,又体察西方诸端学说明其大要,剖且人生生死、魂灵、性命、心灵诸问题。
461  0 @1001002676752
606 0  @a哲学@x研究@y中国@z现代
606 0  @a哲学
606 0  @a哲学@x中国@x现代
690    @aB261.5@v4
690    @aB26@v4
701  0 @a钱穆@f(1895~1990)@4著@Aqian mu
801  0 @aCN@b大连网信软件有限公司图书馆·11@c20110928
905    @a10447@dB26@eJY87
    
    灵魂与心/钱穆著.-桂林:广西师范大学出版社,2004
    131页;22cm .-(钱穆作品系列 )
    
    
    ISBN 7-5633-5018-7:CNY18.00
    本书系作者关于宇宙人生的重要论著,既涵咏中国古先圣哲遗言旧训,又体察西方诸端学说明其大要,剖且人生生死、魂灵、性命、心灵诸问题。
●
相关链接 在E读中查询图书 在五车中查询图书 在当当中查询图书 在豆瓣中查询图书


正题名:灵魂与心     索取号:B26/JY87         预约/预借

序号 登录号 条形码 馆藏地/架位号 状态 备注
1 7824518   278245187   学院路分馆/ [索取号:B26/JY87] 在馆    
2 7824519   278245196   学院路分馆/ [索取号:B26/JY87] 在馆    
3 7824520   278245203   学院路分馆/ [索取号:B26/JY87] 在馆    
4 7824521   278245212   学院路分馆/ [索取号:B26/JY87] 在馆    
唐山师范学院图书馆 欢迎您!
大连网信软件有限公司© 版权所有